000 00388 a2200157 4500
001 169173
020 _a
040 _cMagnum
100 _aTorres, Carlos Alberto
240 1 0 _aA politica da educacao nao-formal na america latina
_lpor
245 1 0 _aA politica da educacao nao-formal na america latina
362 0 _a1899
440 1 _aPaz e Terra
697 _aENSINO
942 _cBK
999 _c169173
_d169173